[Event "29th European Blitz"]
[Site "Warsaw POL"]
[Date "2010.12.17"]
[Round "5"]
[White "Nyzhnyk,I"]
[Black "Wojtaszek,R"]
[Result "0-1"]
[WhiteElo "2535"]
[BlackElo "2726"]

1.d4 Nf6 2.c4 e6 3.Nf3 c5 4.d5 d6 5.Nc3 exd5 6.cxd5 g6 7.Nd2 Bg7 8.e4 O-O
9.Be2 Nbd7 10.O-O Re8 11.a4 Ne5 12.Re1 g5 13.Nf1 h6 14.Ne3 Bd7 15.Qc2 a6
16.a5 Rc8 17.b3 g4 18.Bb2 h5 19.Nc4 Nxc4 20.bxc4 Nxe4 21.Nxe4 Bxb2 22.Nxd6 Bxa1
23.Rxa1 Qf6  0-1

[Event "29th European Blitz"]
[Site "Warsaw POL"]
[Date "2010.12.17"]
[Round "6"]
[White "Wojtaszek,R"]
[Black "Inarkiev,E"]
[Result "1/2-1/2"]
[WhiteElo "2726"]
[BlackElo "2667"]

1.d4 Nf6 2.c4 g6 3.g3 Bg7 4.Bg2 O-O 5.Nc3 d6 6.Nf3 Nc6 7.O-O Rb8 8.Qd3 Bd7
9.d5 Nb4 10.e4 a5 11.Qd1 Qc8 12.Re1 Bg4 13.Be3 Re8 14.Qd2 Nd7 15.a3 Na6 16.Nd4 Ne5
17.b3 c5 18.dxc6 bxc6 19.f4 c5 20.Ndb5 Nf3+ 21.Bxf3 Bxf3 22.Qf2 Bg4 23.Rac1 Nc7
24.a4 Bd7 25.Nd5 Na6 26.f5 Nb4 27.Nxb4 cxb4 28.g4 Bc6 29.Bd4 Bh6 30.Ba1 Qb7
31.Qd4 f6 32.h4 Qb6 33.Qxb6 Rxb6 34.Rcd1 Bf4 35.Kf2 Rb7 36.Kf3 g5 37.hxg5 Bxg5
38.Nd4 Bd7 39.Ne6 h6 40.Rd5 Ra7 41.c5 Bc6 42.Rd3 dxc5 43.Nxc5 Rc8 44.Red1 Raa8
45.Ne6 Be8 46.Bd4 Rc2 47.Bb6 Kf7 48.Nd4 Rh2 49.Ne6 Rc8 50.Bg1 Rb2 51.Nc5 Rc2
52.Nb7 Ra2 53.Nxa5 Rcc2 54.Nb7 Rc3 55.Nd8+ Kg8 56.Ne6 Bc6 57.Bd4 Rcc2 58.Be3 Rh2
59.Nxg5 hxg5 60.R3d2 Raxd2 61.Rxd2 Rh3+ 62.Ke2 Bxe4 63.Rd4 Bc2 64.Rxb4 Rh2+
65.Bf2 Rh3 66.Be3 Rh2+ 67.Bf2 Rh3 68.Kd2 Bxb3 69.a5 Bd5 70.Be3 Rh2+ 71.Kc3 Ra2
72.Rb5 Bf3 73.Kb3 Ra1 74.Kb2 Ra4 75.Kb3 Bd1+ 76.Kb2 Bxg4 77.Bc5 Kf7 78.Bb4 Bf3
79.Kb3 Ra1 80.Kb2 Ra4 81.Kb3 Ra1 82.Kb2 Ra4 83.Kb3  1/2-1/2

[Event "29th European Blitz"]
[Site "Warsaw POL"]
[Date "2010.12.17"]
[Round "6"]
[White "Wojtaszek,R"]
[Black "Socko,B"]
[Result "1-0"]
[WhiteElo "2726"]
[BlackElo "2660"]

1.d4 Nf6 2.c4 g6 3.g3 Bg7 4.Bg2 d6 5.Nc3 O-O 6.Nf3 Nc6 7.O-O Bg4 8.d5 Bxf3
9.exf3 Na5 10.Qd3 c5 11.f4 a6 12.Bd2 Rb8 13.Rab1 b5 14.b3 bxc4 15.bxc4 Qd7
16.Rfe1 Rfc8 17.Bf1 Rb4 18.Ne4 Rxb1 19.Rxb1 Qa4 20.Nc3 Qd7 21.Qc2 Nb7 22.Qb3 Nd8
23.Qb6 Ra8 24.a4 Ne8 25.a5 f5 26.Bd3 Nc7 27.Bc2 e6 28.Ba4 Qe7 29.Re1 Bd4
30.dxe6 Ncxe6 31.Nd5 Qf7 32.Qxd6 Kg7 33.Bd7 Nf8 34.Re7  1-0

[Event "29th European Blitz"]
[Site "Warsaw POL"]
[Date "2010.12.17"]
[Round "6"]
[White "Socko,B"]
[Black "Wojtaszek,R"]
[Result "0-1"]
[WhiteElo "2660"]
[BlackElo "2726"]

1.e4 c5 2.Nf3 d6 3.d4 cxd4 4.Qxd4 a6 5.Be3 Nc6 6.Qd3 Nf6 7.Nc3 e6 8.h3 Be7
9.O-O-O b5 10.Bf4 Bb7 11.Bxd6 Bxd6 12.Qxd6 Qxd6 13.Rxd6 b4 14.e5 bxc3 15.exf6 cxb2+
16.Kxb2 gxf6 17.Bc4 Rd8 18.Rxd8+ Kxd8 19.Ne1 Ne5 20.Be2 f5 21.f4 Ng6 22.Rf1 h5
23.Rf2 Kc7 24.Nd3 a5 25.Bf3 h4 26.Bxb7 Kxb7 27.c4 Ne7 28.Ne5 f6 29.Nf3 Nc6
30.Re2 e5 31.Kc3 e4 32.Nd4 Nxd4 33.Kxd4 Kc6 34.Rb2 Rd8+ 35.Ke3 Rd3+ 36.Kf2 Ra3
37.Kf1 Kc5 38.Rb5+ Kxc4 39.Rxf5 Rxa2 40.Rxf6 Kd3 41.Rd6+ Ke3 42.Kg1 Kxf4
43.Rh6 Ra1+ 44.Kh2 e3 45.Rxh4+ Kf5 46.Rh5+ Ke4 47.Rh8 e2 48.Re8+ Kd3 49.Rd8+ Kc4  0-1

[Event "29th European Blitz"]
[Site "Warsaw POL"]
[Date "2010.12.17"]
[Round "7"]
[White "Wojtaszek,R"]
[Black "Gashimov,V"]
[Result "1-0"]
[WhiteElo "2726"]
[BlackElo "2733"]

1.d4 Nf6 2.c4 e6 3.Nf3 c5 4.d5 d6 5.Nc3 exd5 6.cxd5 g6 7.Bf4 a6 8.a4 Bg7
9.h3 O-O 10.e3 Re8 11.Be2 Ne4 12.Nxe4 Rxe4 13.Nd2 Rb4 14.Nc4 Nd7 15.O-O Ne5
16.Bxe5 dxe5 17.a5 Bd7 18.Nb6 Rb8 19.Qc2 Bf8 20.b3 Rxb6 21.axb6 Qxb6 22.Qc3 Bd6
23.e4 Qd8 24.Bg4 Bb5 25.Rfe1 h5 26.Be2 Bd7 27.Bf1 h4 28.Rac1 b5 29.Ra1 Bc8
30.Rec1 Qg5 31.Be2 Kg7 32.Qe3 Qxe3 33.fxe3 Kf8 34.Bg4 Bb7 35.Kf2 Ke7 36.Ke2 Rf8
37.Kd3 Ra8 38.Ra5 Bc7 39.Ra2 Bb6 40.Rac2 a5 41.Rf1 Rd8 42.Rcf2 f5 43.Bxf5 c4+
44.bxc4 bxc4+ 45.Kc3 Bxe3 46.Bxg6 Bd4+ 47.Kc2 Bxf2 48.Rxf2 Rg8 49.Rf7+ Kd8
50.Bf5 Bc8 51.Bxc8 Rxg2+ 52.Kc3 Kxc8 53.Kxc4 Re2 54.d6 Rd2 55.Kc5 a4 56.Ra7 Rd4
57.Kc6 Kb8 58.Ra5 Rxe4 59.Rb5+ Ka7 60.d7 Rd4 61.Rd5 Rc4+ 62.Kd6 a3 63.d8=Q  1-0

[Event "29th European Blitz"]
[Site "Warsaw POL"]
[Date "2010.12.17"]
[Round "7"]
[White "Gashimov,V"]
[Black "Wojtaszek,R"]
[Result "1-0"]
[WhiteElo "2733"]
[BlackElo "2726"]

1.e4 c6 2.d4 d5 3.exd5 cxd5 4.c4 Nf6 5.Nc3 e6 6.a3 Be7 7.Nf3 O-O 8.Bd3 dxc4
9.Bxc4 b6 10.O-O Bb7 11.Re1 Nbd7 12.Ba2 Rc8 13.Bg5 Re8 14.Qd3 Nc5 15.Qe2 Nce4
16.Nxe4 Nxe4 17.Bf4 Bf6 18.Rad1 g6 19.Ne5 Bg7 20.Qd3 Nf6 21.Bg5 Qd6 22.h4 Nd5
23.Bd2 Nf6 24.Bf4 Nd5 25.Bg3 Qe7 26.h5 Qf6 27.hxg6 hxg6 28.Qd2 Rcd8 29.Bb1 Ne7
30.Bf4 Qh4 31.Bg5 Qh5 32.Qf4 Nf5 33.Bxd8 Rxd8 34.Be4 Bh6 35.Qf3 Bxe4 36.Qxh5 gxh5
37.Rxe4 Rc8 38.Re2 Ne7 39.Nf3 Bg7 40.g3 Nd5 41.Kg2 Bf6 42.Rh1 h4 43.Nxh4 Bxd4
44.Nf3 Bf6 45.Rd2 a5 46.Re1 b5 47.Nd4 b4 48.a4 Rc4 49.Nb3 Nb6 50.Nxa5 Rc7
51.b3 Bc3 52.Rd8+ Kg7 53.Re4 Rc5 54.Nc4 Nd5 55.a5 Rc6 56.Ra8 f5 57.Rh4 Nf6
58.a6 Ne4 59.a7 Ra6 60.Rhh8 Bd4 61.Rag8+  1-0

[Event "29th European Blitz"]
[Site "Warsaw POL"]
[Date "2010.12.17"]
[Round "10"]
[White "Tkachiev,V"]
[Black "Wojtaszek,R"]
[Result "1-0"]
[WhiteElo "2636"]
[BlackElo "2726"]

1.d4 Nf6 2.c4 e6 3.g3 d5 4.Bg2 Bb4+ 5.Nc3 O-O 6.Nf3 dxc4 7.O-O Nc6 8.a3 Be7
9.e4 Na5 10.Qe2 b6 11.Bf4 Bb7 12.Rad1 Rc8 13.Rfe1 h6 14.Ne5 Qe8 15.Bh3 Rd8
16.Qf3 Nb3 17.Be3 c5 18.d5 Nd4 19.Bxd4 cxd4 20.Rxd4 Bc5 21.Rdd1 b5 22.dxe6 Rxd1
23.Rxd1 fxe6 24.Rd8 Qxd8 25.Bxe6+ Rf7 26.Nxf7 Qe7 27.Qf5 Kf8 28.Ne5 Ke8 29.Nd5 Bxd5
30.exd5 Bd6 31.Bf7+  1-0

[Event "29th European Blitz"]
[Site "Warsaw POL"]
[Date "2010.12.17"]
[Round "11"]
[White "Jobava,Ba"]
[Black "Wojtaszek,R"]
[Result "0-1"]
[WhiteElo "2707"]
[BlackElo "2726"]

1.e4 c5 2.Ne2 Nf6 3.Nbc3 d6 4.g3 g6 5.Bg2 Nc6 6.d3 Bg7 7.O-O O-O 8.h3 Rb8
9.f4 Nd7 10.g4 b5 11.Ng3 b4 12.Nce2 c4 13.d4 c3 14.bxc3 bxc3 15.e5 Na5 16.Nxc3 Ba6
17.Nce2 Nb6 18.Be3 Qc7 19.Bf2 Rfd8 20.e6 fxe6 21.f5 Rbc8 22.fxg6 Qxc2 23.Be4 Qxd1
24.gxh7+ Kh8 25.Rfxd1 e5 26.dxe5 Bxe5 27.Bd4 Nac4 28.Nf4 Bxd4+ 29.Rxd4 e5
30.Ng6+ Kxh7 31.Nxe5+ Kg7 32.Nf5+ Kf6 33.Nxc4 Rxc4 34.Rxc4 Bxc4 35.Rd1 d5
36.Bb1 Na4 37.Rc1 Ke5 38.Kf2 Nc5 39.Kg3 Ne4+ 40.Bxe4 Kxe4 41.Re1+ Kd3 42.g5 Kd2
43.Re5 d4 44.h4 d3 45.h5 Kc3 46.Ne3 d2 47.h6 Bxa2 48.g6 Rd6 49.Nd1+ Kc2 50.Ne3+ Kc3
51.Nd1+ Kc2 52.Rg5 Kxd1 53.h7 Rd8 54.g7 Kc2 55.Rc5+ Kb1 56.Rb5+ Kc1 57.Rc5+ Kb1
58.Rb5+ Kc1 59.h8=Q Rd3+ 60.Kf2 d1=Q 61.Rc5+ Kb1 62.Rb5+ Bb3 63.Rxb3+ Rxb3
64.Qh7+ Kb2 65.g8=Q Rf3+ 66.Kg2 Qe2+ 67.Kh1 Rf1+ 68.Qg1 Qf3+ 69.Kh2 Rxg1
70.Kxg1 a5 71.Qg7+ Qc3 72.Qb7+ Qb4 73.Qg7+ Kc2 74.Qg6+ Kb2 75.Qf6+ Qc3 76.Qb6+ Kc1
77.Qb5 Qb4 78.Qg5+ Qd2 79.Qc5+ Kb2 80.Qb5+ Ka3 81.Qc5+ Qb4 82.Qe3+ Ka4 83.Kf2 Qb3
84.Qd4+ Kb5 85.Qd7+ Kb4 86.Qd6+ Kb5 87.Qd7+ Kc4 88.Qe6+ Kb4 89.Qb6+ Ka4 90.Qc6+ Qb5
91.Qc2+ Ka3 92.Qc3+ Ka2 93.Ke3 a4 94.Qc2+ Ka3 95.Qc1+ Qb2 96.Qc5+ Ka2 97.Kd3 Qb3+
98.Kd2 a3 99.Qc2+ Qb2 100.Kd1 Ka1  0-1

[Event "29th European Blitz"]
[Site "Warsaw POL"]
[Date "2010.12.17"]
[Round "11"]
[White "Wojtaszek,R"]
[Black "Jobava,Ba"]
[Result "1/2-1/2"]
[WhiteElo "2726"]
[BlackElo "2707"]

1.d4 Nf6 2.c4 g6 3.g3 Bg7 4.Bg2 d6 5.Nc3 O-O 6.Nf3 Nbd7 7.O-O e5 8.e4 c6
9.h3 exd4 10.Nxd4 Re8 11.Re1 Nc5 12.Rb1 a5 13.Bf4 a4 14.Qc2 Nfd7 15.Red1 Ne5
16.b4 axb3 17.axb3 Qb6 18.Be3 Qb4 19.Nce2 Ned7 20.Kh2 Nf6 21.f3 Ncd7 22.Bd2 Qb6
23.b4 Qc7 24.Bc3 Ne5 25.Bb2 Ra2 26.Qb3 Ra8 27.Rbc1 h5 28.f4 Ned7 29.Qd3 Ra2
30.Ba1 Nf8 31.Nc3 Ra8 32.Nf3 Rd8 33.Bb2 Be6 34.Ng5 N6h7 35.Nf3 Qe7 36.b5 Nf6
37.Rd2 N8d7 38.Ng5 Nc5 39.Qe2 Nb3 40.Rcd1 Nxd2 41.Rxd2 Nh7 42.Nxe6 Qxe6 43.f5 Qe7
44.fxg6 fxg6 45.bxc6 bxc6 46.e5 Qxe5 47.Bxc6 Qxe2+ 48.Rxe2 Rab8 49.Nb5 Nf6
50.Bf3 Rbc8 51.Re6 Rxc4 52.Kg1 Rc2 53.Nxd6 Rb8 54.Re7 Kf8 55.Re1 Rd8 56.Ne4 Rd3
57.Rf1  1/2-1/2

[Event "European Rapid Championship"]
[Site "Warsaw POL"]
[Date "2010.12.18"]
[Round "1"]
[White "Sokolski,A"]
[Black "Wojtaszek,R"]
[Result "0-1"]
[WhiteElo "1894"]
[BlackElo "2726"]

1.c4 Nf6 2.Nc3 g6 3.d4 Bg7 4.e4 O-O 5.Bg5 d6 6.Qd2 c5 7.dxc5 dxc5 8.Qxd8 Rxd8
9.e5 Ng4 10.Nd5 Nc6 11.f4 f6 12.Bh4 fxe5 13.O-O-O Bf5 14.h3 Nf6 15.fxe5 Bh6+  0-1

[Event "European Rapid Championship"]
[Site "Warsaw POL"]
[Date "2010.12.18"]
[Round "2"]
[White "Wojtaszek,R"]
[Black "Kalinina,O"]
[Result "1-0"]
[WhiteElo "2726"]
[BlackElo "2222"]

1.c4 e5 2.g3 Nc6 3.Bg2 Nf6 4.Nc3 d6 5.d3 h6 6.e3 Be7 7.Nge2 O-O 8.O-O Be6
9.Nd5 Nd7 10.b3 f5 11.Bb2 Nc5 12.Qd2 a5 13.d4 Ne4 14.Nxe7+ Nxe7 15.Qc2 d5
16.dxe5 c6 17.Nd4 Qd7 18.f3 Ng5 19.h4 Nf7 20.f4 h5 21.Ba3 Nh6 22.Rfd1 Ng4
23.Qc3 Rfc8 24.Rac1 Kh7 25.Bf3 b5 26.Bxe7 Qxe7 27.Bxg4 hxg4 28.cxd5 Bxd5
29.Nxf5 Qb4 30.Nd6 Rd8 31.e4 Rxd6 32.Qxb4 axb4 33.exd6 Bxe4 34.d7 Rd8 35.Rc5 Kg8
36.Re5 Bg6 37.Re6 Kf7 38.Rxc6 Bf5 39.Rc8 Rxc8 40.dxc8=Q Bxc8 41.Kf2 Ke7 42.Ke3 Bf5
43.Rd4 Bd7 44.Rxb4 Kd6 45.Rd4+ Kc6 46.Rxd7 Kxd7 47.a4  1-0

[Event "European Rapid Championship"]
[Site "Warsaw POL"]
[Date "2010.12.18"]
[Round "4"]
[White "Wojtaszek,R"]
[Black "Anisimov,P2"]
[Result "1-0"]
[WhiteElo "2726"]
[BlackElo "2532"]

1.c4 Nf6 2.Nc3 e5 3.Nf3 Nc6 4.g3 g6 5.d4 exd4 6.Nxd4 Bg7 7.Nxc6 bxc6 8.Bg2 O-O
9.O-O Rb8 10.Qa4 a6 11.Rd1 c5 12.Qa5 d6 13.b3 Re8 14.Bb2 Qe7 15.Rd3 Bf5 16.Re3 Qd7
17.Rxe8+ Rxe8 18.Qxa6 Ne4 19.Nd1 Bxb2 20.Nxb2 Qe6 21.Qc6 Nxf2 22.Kxf2 Qe3+
23.Kf1 Qxe2+ 24.Kg1 Re3 25.Na4 Be4 26.Bxe4 Rxe4 27.Rf1 Qe3+ 28.Kg2 Qd4 29.Rf2  1-0

[Event "European Rapid Championship"]
[Site "Warsaw POL"]
[Date "2010.12.18"]
[Round "5"]
[White "Kempinski,R"]
[Black "Wojtaszek,R"]
[Result "1-0"]
[WhiteElo "2597"]
[BlackElo "2726"]

1.d4 Nf6 2.c4 e6 3.Nf3 c5 4.e3 cxd4 5.exd4 d5 6.Nc3 Bb4 7.cxd5 Nxd5 8.Bd2 Nc6
9.Bd3 O-O 10.O-O Be7 11.a3 Nxc3 12.Bxc3 Bf6 13.Ne5 Ne7 14.Be4 Nd5 15.Qf3 b6
16.Bb4 Nxb4 17.Bxa8 Nc2 18.Nc6 Qd6 19.Rac1 Nxd4 20.Nxd4 Bxd4 21.Rc2 Ba6 22.Rfc1 g6
23.Bb7 Bb5 24.Bc6 Ba6 25.b4 Kg7 26.h3 h5 27.g3 h4 28.gxh4 Rh8 29.b5 Bc8 30.Be8 Rxe8
31.Rxc8 Rxc8 32.Rxc8 Bc5 33.a4 e5 34.Rc6 Qe7 35.Qe4 Bd4 36.Kf1 Qa3 37.Kg2 Qb2
38.Qc2 Qb4 39.Rc7 Bc5 40.h5 e4 41.Qa2 Be7 42.hxg6 Kxg6 43.Qc4 Qxc4 44.Rxc4 f5
45.Rc7 Bc5 46.a5  1-0

[Event "European Rapid Championship"]
[Site "Warsaw POL"]
[Date "2010.12.19"]
[Round "10"]
[White "Wojtaszek,R"]
[Black "Neiksans,A"]
[Result "0-1"]
[WhiteElo "2726"]
[BlackElo "2503"]

1.d4 f5 2.g3 Nf6 3.Bg2 g6 4.Nf3 Bg7 5.b4 d6 6.Bb2 O-O 7.c4 c6 8.a4 Ne4 9.O-O Nd7
10.Qb3 Kh8 11.Rd1 Qe8 12.Nbd2 Ndf6 13.b5 g5 14.Nxe4 fxe4 15.Nxg5 Qh5 16.h4 d5
17.cxd5 cxd5 18.Ba3 h6 19.Nh3 Bxh3 20.Bxh3 Qxe2 21.Re1 Qh5 22.Bxe7 Rf7 23.Bd6 Ng4
24.Bxg4 Qxg4 25.Qxd5 Qf3 26.Ra2 Rd8 27.Qc5 b6 28.Qb4 Rfd7 29.Be5 Bxe5 30.dxe5 Rd1
31.Ra1 R8d2 32.Kh2 Rxf2+ 33.Kh3 Qf5+  0-1

[Event "European Rapid Championship"]
[Site "Warsaw POL"]
[Date "2010.12.19"]
[Round "11"]
[White "Kanarek,M"]
[Black "Wojtaszek,R"]
[Result "1/2-1/2"]
[WhiteElo "2399"]
[BlackElo "2726"]

1.e4 c5 2.Nf3 d6 3.d4 cxd4 4.Nxd4 Nf6 5.Nc3 e6 6.Be2 a6 7.a4 Qc7 8.O-O b6
9.f4 Bb7 10.Bf3 Nc6 11.Nb3 Be7 12.Be3 Nd7 13.Qe2 Rc8 14.Qf2 O-O 15.Rfd1 Nb4
16.Rd4 Nc6 17.Rdd1 Rfe8 18.Rd2 Nc5 19.a5 b5 20.Nxc5 dxc5 21.e5 Nd4 22.Bxb7 Qxb7
23.Ne2 Nf5 24.Ng3 Nxe3 25.Qxe3 Red8 26.Rad1 Qc7 27.Ne4 Qxa5 28.Nd6 Rc7 29.f5 exf5
30.Nxf5 Rxd2 31.Rxd2 Qb6 32.Rd6 Qb8 33.Rxa6 g6 34.Nxe7+ Rxe7 35.Qxc5 Rxe5
36.Qc6 Re1+ 37.Kf2 Qe5 38.Ra8+ Kg7 39.Qc3 Re2+ 40.Kf1 Qxc3 41.bxc3 Rxc2 42.Rb8 Rb2
43.c4 Rb1+ 44.Kf2 Rb2+ 45.Kf1 b4 46.c5 Rc2 47.Rxb4 Rxc5 48.Kf2 h5 49.h4 Rc2+
50.Kf3 Rc3+ 51.Kf4 Rc1 52.g3 Rf1+ 53.Ke3 Kf6 54.Ke2 Rf5 55.Ke3 Kg7 56.Rb6 Rf6
57.Rb5 Kh6 58.Ra5 Kg7 59.Rb5 Kf8 60.Rb7 Rf5 61.Ra7 Kg7 62.Ra6 Kh6 63.Ke4 Rf1
64.Rb6 f6 65.Rb5 g5 66.hxg5+ fxg5 67.Rb6+ Kg7 68.Rb7+ Kg6 69.Rb6+ Rf6 70.Rb8 h4
71.gxh4 gxh4 72.Rg8+ Kh5 73.Rh8+ Kg4 74.Rg8+ Kh3 75.Ke3 Kh2 76.Ke2 h3 77.Rg7 Rf4
78.Rg8 Kh1 79.Rg7 Rf8 80.Rg6 Ra8 81.Rg7 Ra2+ 82.Kf1 Rg2 83.Rh7 Kh2 84.Rh8 Rg4
85.Rf8 Rg1+ 86.Kf2 Ra1 87.Rf7 Ra2+ 88.Kf1 Ra4 89.Kf2 Rg4 90.Rf8 Rg2+ 91.Kf1 Kg3
92.Rg8+ Kh2 93.Rf8 Rg4 94.Kf2 Kh1 95.Kf1 h2 96.Rf7 Rg1+ 97.Kf2  1/2-1/2

[Event "European Rapid Championship"]
[Site "Warsaw POL"]
[Date "2010.12.19"]
[Round "12"]
[White "Sadzikowski,D"]
[Black "Wojtaszek,R"]
[Result "0-1"]
[WhiteElo "2371"]
[BlackElo "2726"]

1.e4 c5 2.Nf3 d6 3.d4 cxd4 4.Nxd4 Nf6 5.Nc3 e6 6.Be2 a6 7.O-O b5 8.Bf3 Ra7
9.Be3 Rd7 10.b4 Bb7 11.a4 bxa4 12.Rxa4 Be7 13.Qd2 O-O 14.g4 Rc7 15.b5 Qc8
16.Nde2 Nfd7 17.b6 Ne5 18.Bg2 Rc4 19.Rxc4 Nxc4 20.Qc1 Nd7 21.Na4 Qc6 22.Nb2 Nxe3
23.Qxe3 Nxb6 24.Nd4 Qc7 25.Ra1 d5 26.e5 Rc8 27.Bf1 Nd7 28.Nd3 h6 29.h3 Ra8
30.Rb1 Nc5 31.Nxc5 Bxc5 32.Qc3 Rc8 33.Ne2 a5 34.Qb2 Ba6 35.Ra1 f6 36.Nf4 Bxf1
37.Rxf1 Qxe5 38.Qxe5 fxe5 39.Nxe6 Bb4 40.f4 Kf7 41.f5 Rxc2 42.h4 Rc4 43.g5 Rxh4
44.g6+ Kf6 45.Nc7 Rf4 46.Nxd5+ Kxf5 47.Nxf4 exf4 48.Kg2 a4 49.Kf3 a3 50.Ra1 Bd6
51.Rg1 Be5  0-1

[Event "European Rapid Championship"]
[Site "Warsaw POL"]
[Date "2010.12.19"]
[Round "13"]
[White "Wojtaszek,R"]
[Black "Stern,R"]
[Result "1-0"]
[WhiteElo "2726"]
[BlackElo "2504"]

1.d4 Nf6 2.c4 e6 3.g3 d5 4.Nf3 dxc4 5.Bg2 c5 6.O-O Nc6 7.dxc5 Qxd1 8.Rxd1 Bxc5
9.Nbd2 c3 10.bxc3 O-O 11.Nb3 Be7 12.Nfd4 Bd7 13.Nxc6 Bxc6 14.Bxc6 bxc6 15.c4 a5
16.Be3 a4 17.Nd4 Rfc8 18.f3 Bc5 19.Kf2 Bxd4 20.Bxd4 c5 21.Be3 Rab8 22.Rac1 h6
23.Rd3 e5 24.Ra3 e4 25.Rxa4 exf3 26.Kxf3 Nd7 27.Bf4 Ra8 28.Rxa8 Rxa8 29.Rc2 g5
30.Bd6 Ra6 31.Rd2 Nb6 32.Bxc5 Nxc4 33.Rc2 Ne5+ 34.Ke4 Ng4 35.Bd4 Nxh2 36.Kf5 Kh7
37.Rc8 Ra5+ 38.Be5 f6 39.Rc7+ Kg8 40.Kg6 Kf8 41.Bxf6 Ke8 42.Re7+  1-0

[Event "ch-POL"]
[Site "Warsaw POL"]
[Date "2011.02.12"]
[Round "1"]
[White "Wojtaszek,R"]
[Black "Olszewski,Mi"]
[Result "1-0"]
[WhiteElo "2726"]
[BlackElo "2532"]

1.d4 Nf6 2.c4 e6 3.Nf3 b6 4.g3 Ba6 5.b3 Bb7 6.Bg2 Bb4+ 7.Bd2 a5 8.O-O O-O
9.Nc3 d6 10.Qc2 Nbd7 11.Rfe1 Bxc3 12.Bxc3 Be4 13.Qd2 Re8 14.Qf4 h6 15.Bf1 Nf8
16.Qe3 Ng6 17.Nd2 Bb7 18.Qd3 d5 19.Bg2 e5 20.dxe5 Nxe5 21.Qf5 Qd7 22.Qxd7 Nexd7
23.Rad1 Rab8 24.Bb2 dxc4 25.Bxb7 c3 26.Bxc3 Rxb7 27.Nc4 Rbb8 28.f3 Red8 29.e4 Nh7
30.Kf2 Nc5 31.Ne5 Ng5 32.Ke3 f6 33.Nc6 Rxd1 34.Rxd1 Re8 35.h4 Nf7 36.Rd5 Na6
37.g4 Re6 38.Nd4 Rd6 39.Nf5 Rxd5 40.Ne7+ Kf8 41.Nxd5 Ke8 42.Kf4 Nd8 43.e5 fxe5+
44.Bxe5 Ne6+ 45.Ke3 g5 46.h5 b5 47.f4 gxf4+ 48.Nxf4 Ng5 49.Nd5 Kd7 50.Bg7 Kd6
51.Nc3 b4 52.Bxh6 bxc3 53.Bxg5 Nb4 54.h6  1-0

[Event "ch-POL"]
[Site "Warsaw POL"]
[Date "2011.02.13"]
[Round "2"]
[White "Jaracz,P"]
[Black "Wojtaszek,R"]
[Result "1/2-1/2"]
[WhiteElo "2543"]
[BlackElo "2726"]

1.e4 c5 2.Nf3 d6 3.d4 cxd4 4.Nxd4 Nf6 5.Nc3 a6 6.Be3 e5 7.Nb3 Be7 8.f3 Be6
9.Qd2 O-O 10.O-O-O a5 11.a4 Nc6 12.g4 Nb4 13.Kb1 Rc8 14.g5 Nh5 15.Nc1 f5
16.Nd3 fxe4 17.fxe4 Nxd3 18.Bxd3 Nf4 19.h4 Qe8 20.Bb5 Qh5 21.Rdf1 Qg4 22.Rfg1 Qh5
23.Rf1 Qg4 24.Rfg1 Qh5 25.Rf1  1/2-1/2

[Event "ch-POL"]
[Site "Warsaw POL"]
[Date "2011.02.14"]
[Round "3"]
[White "Wojtaszek,R"]
[Black "Swiercz,D"]
[Result "1-0"]
[WhiteElo "2726"]
[BlackElo "2540"]

1.d4 Nf6 2.c4 e6 3.g3 d5 4.Bg2 Bb4+ 5.Nd2 O-O 6.Nf3 dxc4 7.Qc2 Nc6 8.Qxc4 Bd6
9.O-O Qe7 10.e4 e5 11.d5 Nb8 12.Qc2 Nbd7 13.Nc4 Nb6 14.Nxd6 cxd6 15.a4 Bg4
16.Nd2 Be2 17.Re1 Rac8 18.Qb1 Bh5 19.a5 Nbd7 20.b4 Bg6 21.Qd3 Nh5 22.Bh3 Rc7
23.Nf1 Ndf6 24.f3 h6 25.Ne3 Nh7 26.Bd2 Ng5 27.Bg2 Qd7 28.Rac1 Rxc1 29.Rxc1 Nh3+
30.Kf1 Ng5 31.Qc2 a6 32.Ke1 Qb5 33.Qc4 Qa4 34.h4 Nxe4 35.fxe4 Nxg3 36.Kf2 Nh5
37.b5 Qa3 38.Bb4 Qb2+ 39.Rc2 Qb1 40.Bxd6  1-0

[Event "ch-POL"]
[Site "Warsaw POL"]
[Date "2011.02.19"]
[Round "8"]
[White "Miton,K"]
[Black "Wojtaszek,R"]
[Result "0-1"]
[WhiteElo "2616"]
[BlackElo "2726"]

1.d4 d5 2.c4 c6 3.Nc3 Nf6 4.Nf3 e6 5.Bg5 h6 6.Bh4 dxc4 7.e4 g5 8.Bg3 b5 9.Be2 Bb7
10.O-O Nbd7 11.Ne5 Bg7 12.Nxd7 Nxd7 13.Bd6 a6 14.Re1 Bf8 15.Bg3 Bg7 16.e5 O-O
17.Bf3 Qe7 18.Ne4 c5 19.Nxg5 hxg5 20.Bxb7 Rab8 21.Be4 cxd4 22.Qh5 Rfd8 23.h4 gxh4
24.Bxh4 Qc5 25.Bxd8 Rxd8 26.Qh4 Re8 27.f4 d3+ 28.Kh1 Qd4 29.Rad1 Nc5 30.Bh7+ Kf8
31.b3 c3 32.Qh3 Rd8  0-1

[Event "TCh-CZE 2010-11"]
[Site "Czech Rep CZE"]
[Date "2011.04.16"]
[Round "10.1"]
[White "Wojtaszek,R"]
[Black "Kempinski,R"]
[Result "1-0"]
[WhiteElo "2726"]
[BlackElo "2597"]

1.d4 d5 2.c4 c6 3.Nf3 Nf6 4.Nc3 dxc4 5.a4 e6 6.e4 Bb4 7.Bg5 Qa5 8.Bd2 c5
9.Bxc4 cxd4 10.Nxd4 O-O 11.Nc2 Bxc3 12.Bxc3 Qg5 13.Qe2 e5 14.f3 Nh5 15.Qd2 Qxd2+
16.Kxd2 Nc6 17.g3 Be6 18.Bxe6 fxe6 19.Ke3 Rf7 20.Rhd1 Nf6 21.Nb4 Raf8 22.Nxc6 bxc6
23.Ke2 g5 24.Bxe5 g4 25.f4 Nxe4 26.Rac1 c5 27.Rc4 Nf6 28.Rd6 Nd7 29.Rxe6 Nxe5
30.Rxe5 Rb8 31.Rexc5 Rxb2+ 32.Rc2 Rxc2+ 33.Rxc2 Rb7 34.Ke3 Kf7 35.Kd4 h5
36.Ke5 a5 37.Kf5 Rb4 38.Rc7+ Kf8 39.Kg6 Rxa4 40.f5  1-0

[Event "TCh-CZE 2010-11"]
[Site "Czech Rep CZE"]
[Date "2011.04.17"]
[Round "11.1"]
[White "Kanovsky,D"]
[Black "Wojtaszek,R"]
[Result "1/2-1/2"]
[WhiteElo "2497"]
[BlackElo "2726"]

1.e4 c5 2.Nf3 e6 3.d4 cxd4 4.Nxd4 a6 5.Bd3 Bc5 6.Nb3 Be7 7.Qe2 d6 8.O-O Nf6
9.f4 Nc6 10.Nc3 Nd7 11.a4 b6 12.Be3 Nb4 13.Kh1 Bb7 14.Rad1 O-O 15.f5 Nxd3
16.cxd3 Bf6 17.Nd4 Qe7 18.Qg4 Rae8 19.Qh3 Kh8 20.Rd2 d5 21.fxe6 fxe6 22.exd5 exd5
23.Nf5 Bxc3 24.bxc3 Rxf5 25.Qxf5 Rf8 26.Qxf8+ Nxf8 27.Rdf2 Kg8 28.Rxf8+ Qxf8
29.Rxf8+ Kxf8 30.Bxb6 Bc6 31.a5 Bb5 32.d4  1/2-1/2

[Event "TCh-POL Ekstraliga"]
[Site "Wroclaw POL"]
[Date "2011.05.06"]
[Round "1.1"]
[White "Navara,D"]
[Black "Wojtaszek,R"]
[Result "1/2-1/2"]
[WhiteElo "2702"]
[BlackElo "2721"]

1.c4 Nf6 2.Nc3 c5 3.Nf3 Nc6 4.d4 cxd4 5.Nxd4 e6 6.a3 d5 7.cxd5 exd5 8.Bg5 Bc5
9.e3 Bxd4 10.exd4 O-O 11.Be2 h6 12.Bh4 Re8 13.O-O g5 14.Bg3 Ne4 15.Rc1 Nxc3
16.bxc3 f5 17.Be5 Nxe5 18.dxe5 Rxe5 19.Bf3 Be6 20.Qd4 Qd6 21.Rfe1 Rxe1+ 22.Rxe1 Bf7
23.h3 Rc8 24.Rd1 b5 25.Bxd5 Bxd5 26.Qxd5+ Qxd5 27.Rxd5 a6 28.Rd6 Rxc3 29.Rxa6 Kg7
30.a4 bxa4 31.Rxa4  1/2-1/2

[Event "3rd Lublin GM"]
[Site "Lublin POL"]
[Date "2011.05.16"]
[Round "2"]
[White "Grachev,B"]
[Black "Wojtaszek,R"]
[Result "1/2-1/2"]
[WhiteElo "2669"]
[BlackElo "2721"]

1.c4 Nf6 2.Nc3 e6 3.e4 d5 4.e5 d4 5.exf6 dxc3 6.bxc3 Qxf6 7.d4 e5 8.Nf3 exd4
9.Bg5 Qe6+ 10.Be2 Be7 11.cxd4 Bxg5 12.Nxg5 Qg6 13.f4 O-O 14.O-O Nc6 15.d5 Ne7
16.Qd2 Qb6+ 17.Kh1 Nf5 18.Bd3 h6 19.Nf3 c6 20.Rab1 Qc5 21.Rfe1 Nd6 22.dxc6 Qxc6
23.Nd4 Qc7 24.f5 Ne8 25.Nb5 Qd8 26.Red1 Nf6 27.Qf4 Bd7 28.Nd6 b6 29.Be4 Rb8
30.Bf3 Qc7 31.Rd4 Bc6 32.Rbd1 Rbd8 33.h3 Rd7 34.Bxc6 Qxc6 35.Nb5 Rxd4 36.Qxd4 Re8
37.Nc3 Ne4 38.Rd3 Nxc3 39.Qxc3 Re4 40.Rg3 f6 41.Rg4 Rxg4 42.hxg4 Qe4 43.Qa3 Qxg4
44.Qxa7 Qxc4 45.Qxb6 Qxa2 46.Qd8+ Kh7 47.Qd1 Qf2 48.Qg4 Qe3 49.Kh2 Qg5 50.Qe4 h5
51.Kh3 Qc1 52.g4 Qf1+ 53.Kg3 Qg1+ 54.Kh3 hxg4+ 55.Qxg4 Qe3+ 56.Kg2 Qd2+ 57.Kh3 Qd3+
58.Kg2 Kg8 59.Qf3 Qc2+ 60.Kh3 Qc4 61.Qa8+ Kh7 62.Qf3 Kh6 63.Qg4 Qf1+ 64.Kg3 Qd3+
65.Kh4  1/2-1/2

[Event "TCh-FRA Top 12 2011"]
[Site "Mulhouse FRA"]
[Date "2011.05.31"]
[Round "6"]
[White "Avrukh,B"]
[Black "Wojtaszek,R"]
[Result "1/2-1/2"]
[WhiteElo "2601"]
[BlackElo "2721"]

1.d4 Nf6 2.c4 e6 3.Nc3 Bb4 4.e3 O-O 5.Ne2 Re8 6.a3 Bf8 7.d5 d6 8.g3 exd5
9.cxd5 c5 10.dxc6 bxc6 11.Bg2 d5 12.O-O Nbd7 13.Qc2 Ne5 14.h3 h5 15.b3 Rb8
16.Rd1 h4 17.f4 Ned7 18.g4 Bc5 19.g5 Nh5 20.Nd4 Bxd4 21.Rxd4 Ng3 22.Kh2 Qe7
23.Na4 Qe6 24.Bd2 Nf5 25.Re1 Ba6 26.Rb4 Rxb4 27.axb4 Ng3 28.Nc3 Qd6 29.Ra1 d4
30.exd4 Be2 31.d5 cxd5 32.Nxd5 Bf1 33.Re1 Rxe1 34.Bxe1 Bxg2 35.Qxg2 Nb6 36.Nxb6 axb6
37.Bxg3 hxg3+ 38.Kxg3 Qxb4 39.Qa8+ Kh7 40.Qd5 Qe1+ 41.Kg4 Qe2+ 42.Qf3 Qe1
43.Qd3+ g6 44.h4 Qg1+ 45.Kf3 Qh1+ 46.Ke3 Qxh4 47.Ke4 Qe1+ 48.Kd4 Qc1 49.Qe3 Qc5+
50.Kd3 Qb5+ 51.Kc3 Kg8 52.Qd4 Qa5+ 53.b4 Qa1+ 54.Kc4 b5+ 55.Kd5 Qc1 56.Qe4 Qc8
57.Qd4 Qd7+ 58.Ke4 Qe6+ 59.Kd3 Qb3+ 60.Ke4  1/2-1/2

[Event "FIDE World Cup 2011"]
[Site "Khanty-Mansiysk RUS"]
[Date "2011.08.29"]
[Round "1.2"]
[White "Pashikian,A"]
[Black "Wojtaszek,R"]
[Result "0-1"]
[WhiteElo "2616"]
[BlackElo "2683"]

1.c4 Nf6 2.Nc3 e5 3.g3 g6 4.Bg2 Bg7 5.Nf3 Nc6 6.d3 O-O 7.O-O d6 8.Rb1 a5
9.a3 h6 10.b4 axb4 11.axb4 Be6 12.Nd2 Qd7 13.b5 Nd8 14.Nd5 Nxd5 15.cxd5 Bh3
16.Nc4 Bxg2 17.Kxg2 b6 18.f4 exf4 19.gxf4 Qg4+ 20.Kh1 Ra2 21.Bd2 Nb7 22.f5 Qd4
23.Qb3 Rfa8 24.e3 Qh4 25.Qd1 Nc5 26.Qe2 Ra1 27.Rxa1 Rxa1 28.Be1 Qh3 29.Nd2 Bc3
30.Nf3 Ra2 31.Nd2 Bxd2 32.fxg6 Bxe1  0-1

[Event "TCh-POL Ekstraliga"]
[Site "Katowice POL"]
[Date "2011.10.09"]
[Round "9"]
[White "Wojtaszek,R"]
[Black "Markowski,T"]
[Result "1/2-1/2"]
[WhiteElo "2721"]
[BlackElo "2616"]

1.d4 d6 2.Nf3 g6 3.c4 Bg7 4.Nc3 Bg4 5.e3 Nf6 6.h3 Bxf3 7.Qxf3 c6 8.Bd2 e6
9.g4 d5 10.O-O-O O-O 11.g5 Nh5 12.h4 Nd7 13.Kb1 a6 14.cxd5 cxd5 15.Bh3 Nb6
16.Bg4 Nc4 17.Bc1 Rc8 18.Rd3 Qa5 19.Ka1 Rc6 20.Bxh5 gxh5 21.Qxh5 Rfc8 22.Qd1 b5
23.e4 Nb6 24.e5 b4 25.Ne2 Qb5 26.Kb1 a5 27.h5 a4 28.Rhh3 Nc4 29.Ka1 Na5 30.Kb1 Nc4
31.Ka1 Na5 32.Kb1 Nc4 33.Ka1  1/2-1/2